Paul Pfeiffer / (Record no. 1355)

MARC details
000 -LEADER
campo de control de longitud fija 00994nam a22002417a 4500
008 - DATOS DE LONGITUD FIJA--INFORMACIÓN GENERAL
campo de control de longitud fija 171104s2009 sp||||| |||| 00| 0 spa d
020 ## - NÚMERO INTERNACIONAL ESTÁNDAR DEL LIBRO
Número Internacional Estándar del Libro 9788496954724
082 04 - NÚMERO DE LA CLASIFICACIÓN DECIMAL DEWEY
Número de clasificación 709.2
Número de ítem Z396p
100 1# - ENTRADA PRINCIPAL--NOMBRE DE PERSONA
Nombre de persona Zaya, Octavio.
9 (RLIN) 6021
245 10 - MENCIÓN DEL TÍTULO
Título Paul Pfeiffer /
Mención de responsabilidad, etc. edición por Octavio Zaya ; Museo de Arte Contemporáeno de Castilla y León (MUSAC).
250 ## - MENCION DE EDICION
Mención de edición 1a edición.
260 ## - PUBLICACIÓN, DISTRIBUCIÓN, ETC.
Lugar de publicación, distribución, etc. Barcelona, España :
Nombre del editor, distribuidor, etc. Actar ; MUSAC,
Fecha de publicación, distribución, etc. 2009.
300 ## - DESCRIPCIÓN FÍSICA
Extensión 288 páginas :
Otras características físicas ilustraciones en color.
500 ## - NOTA GENERAL
Nota general Catálogo publicado con motivo a la exposición "Paul Pfeiffer: monólogo", presentada del 27 de setiembre de 2008 al 11 de enero de 2009, en Museo de Arte Contemporáeno de Castilla y León (MUSAC).
653 10 - TÉRMINO DE INDIZACIÓN--NO CONTROLADO
Término no controlado Arte contemporáneo
653 10 - TÉRMINO DE INDIZACIÓN--NO CONTROLADO
Término no controlado Catálogo de exhibición
653 10 - TÉRMINO DE INDIZACIÓN--NO CONTROLADO
Término no controlado Exhibiciones
653 10 - TÉRMINO DE INDIZACIÓN--NO CONTROLADO
Término no controlado Biografías artísticas
653 10 - TÉRMINO DE INDIZACIÓN--NO CONTROLADO
Término no controlado Videoarte
653 10 - TÉRMINO DE INDIZACIÓN--NO CONTROLADO
Término no controlado Instalación
653 10 - TÉRMINO DE INDIZACIÓN--NO CONTROLADO
Término no controlado Fotografía
710 1# - ENTRADA AGREGADA--NOMBRE DE ENTIDAD CORPORATIVA
Nombre de entidad corporativa o nombre de jurisdicción como elemento de entrada Museo de Arte Contemporáeno de Castilla y León (MUSAC).
9 (RLIN) 6092
Holdings
Estatus retirado Estado de pérdida Fuente del sistema de clasificación o colocación Estado de daño No para préstamo Biblioteca de origen Biblioteca actual Ubicación en estantería Fecha de adquisición Total de préstamos Signatura topográfica completa Código de barras Visto por última vez Precio de reemplazo Tipo de ítem Koha
    Clasificación Decimal Dewey     Biblioteca LadoV Biblioteca LadoV   04/11/2017   709.2 Z396p 000955 04/11/2017 04/11/2017 Material 01